| 000 -LEADER |
| fixed length control field |
02254 a2200361 4500 |
| 003 - CONTROL NUMBER IDENTIFIER |
| control field |
OSt |
| 005 - DATE AND TIME OF LATEST TRANSACTION |
| control field |
20180116192340.0 |
| 008 - FIXED-LENGTH DATA ELEMENTS--GENERAL INFORMATION |
| fixed length control field |
120709t xxu||||| |||| 00| 0 eng d |
| 020 ## - INTERNATIONAL STANDARD BOOK NUMBER |
| International Standard Book Number |
0738904902 (dvd) |
| 024 1# - OTHER STANDARD IDENTIFIER |
| Standard number or code |
074645916392 |
| 028 42 - PUBLISHER NUMBER |
| Publisher number |
SMVD58163D |
| Source |
Sony |
| 040 ## - CATALOGING SOURCE |
| Transcribing agency |
0 |
| 082 ## - DEWEY DECIMAL CLASSIFICATION NUMBER |
| Classification number |
782.4372 |
| 245 10 - TITLE STATEMENT |
| Title |
Pink floyd - the wall 25th anniversary |
| Medium |
[videorecording] / |
| Statement of responsibility, etc. |
Bob Geldof, Christine Hargreaves, James Laurenson, Eleanor David, Kevin McKeon. |
| 260 ## - PUBLICATION, DISTRIBUTION, ETC. |
| Place of publication, distribution, etc. |
Columbia : |
| Name of publisher, distributor, etc. |
Sony, |
| Date of publication, distribution, etc. |
2005. |
| 300 ## - PHYSICAL DESCRIPTION |
| Extent |
1 videodisc (95 min.) : |
| Other physical details |
sd., col ; |
| Dimensions |
4 3/4 in. |
| 490 1# - SERIES STATEMENT |
| Series statement |
Deluxe edition. |
| 511 1# - PARTICIPANT OR PERFORMER NOTE |
| Participant or performer note |
Starring Bob Geldof, Christine Hargreaves, James Laurenson, Eleanor David, Kevin McKeon. |
| 520 ## - SUMMARY, ETC. |
| Summary, etc. |
Track List: 1.Original film presented in high-definition widescreen and mixed in 5.1 surround sound 2."The Other Side Of The Wall" - a 25 minute documentary about the making of the film 3."Retrospective" - an exclusive 45 minute retrospective documentary of interviews with Roger Waters, Alan Parker, Gerald Scarfe, Peter Biziou, Alan Marshall and James Guthrie 4.Original film trailer and production stills In celebration of the quarter-century anniversary, Columbia Records is releasing a special limited edition DVD of this landmark film. Packaged in a deluxe DVD digi-pak designed to look like The Wall with debossed brick work and a clear O-card, this stunning release features a photo montage of film shots and a fold-out reproduction of the original film promotional poster. All the artwork and design for this lavish packaging has been coordinated by original Pink Floyd designers Peter Curzon and Storm Thorgerson. |
| 538 ## - SYSTEM DETAILS NOTE |
| System details note |
AC-3, Color, Dolby, DVD, Widescreen, NTSC. |
| 650 0# - SUBJECT ADDED ENTRY--TOPICAL TERM |
| Topical term or geographic name entry element |
Rock music |
| 9 (RLIN) |
5576 |
| 650 0# - SUBJECT ADDED ENTRY--TOPICAL TERM |
| Topical term or geographic name entry element |
Horror films |
| 9 (RLIN) |
5577 |
| 650 0# - SUBJECT ADDED ENTRY--TOPICAL TERM |
| Topical term or geographic name entry element |
Motion pictures and rock music |
| 9 (RLIN) |
5578 |
| 700 1# - ADDED ENTRY--PERSONAL NAME |
| Personal name |
Geldof, Bob. |
| 9 (RLIN) |
5579 |
| 700 1# - ADDED ENTRY--PERSONAL NAME |
| Personal name |
Hargreaves, Christine. |
| 9 (RLIN) |
5580 |
| 700 1# - ADDED ENTRY--PERSONAL NAME |
| Personal name |
Laurenson, James. |
| 9 (RLIN) |
5581 |
| 700 1# - ADDED ENTRY--PERSONAL NAME |
| Personal name |
David, Eleanor. |
| 9 (RLIN) |
5582 |
| 700 1# - ADDED ENTRY--PERSONAL NAME |
| Personal name |
McKeon, Kevin. |
| 9 (RLIN) |
5583 |
| 830 #0 - SERIES ADDED ENTRY--UNIFORM TITLE |
| Uniform title |
Deluxe edition. |
| 9 (RLIN) |
5584 |
| 856 40 - ELECTRONIC LOCATION AND ACCESS |
| Materials specified |
Amazon.com |
| Uniform Resource Identifier |
<a href="http://www.amazon.com/exec/obidos/ASIN/B0006ZE7G2/chopaconline-20">http://www.amazon.com/exec/obidos/ASIN/B0006ZE7G2/chopaconline-20</a> |
| 942 ## - ADDED ENTRY ELEMENTS (KOHA) |
| Institution code [OBSOLETE] |
SADA |
| Koha item type |
|
| Call number prefix |
CD 782.4372 PIN 2005 |
| Source of classification or shelving scheme |
|